Eastern Utah Libraries Catalog: Duchesne, Heber, Roosevelt, & Vernal

The Parlor Game (Record no. 400497)

MARC details
000 -LEADER
fixed length control field 02145nam a22002897a 4500
003 - CONTROL NUMBER IDENTIFIER
control field UtVeUCL
005 - DATE AND TIME OF LATEST TRANSACTION
control field 20250318123250.0
008 - FIXED-LENGTH DATA ELEMENTS--GENERAL INFORMATION
fixed length control field 240924b |||||||| |||| 00| 0 eng d
020 ## - INTERNATIONAL STANDARD BOOK NUMBER
International Standard Book Number 9798339481584 : paperback
Terms of availability $14.99
040 ## - CATALOGING SOURCE
Description conventions rda
082 ## - DEWEY DECIMAL CLASSIFICATION NUMBER
Edition number F Newbold
Classification number F Newbold
092 ## - LOCALLY ASSIGNED DEWEY CALL NUMBER (OCLC)
Classification number F
100 ## - MAIN ENTRY--PERSONAL NAME
Personal name Newbold, Ashtyn
9 (RLIN) 5719645
245 14 - TITLE STATEMENT
Title The Parlor Game
264 ## - Production, Publication, Distribution, Manufacture, and Copyright Notice.
Place of production, publication, distribution, manufacture USA : Troutdale, OR
Name of producer, publisher, distributor, manufacturer Three Leaf Publishing
Date of production, publication, distribution, manufacture, or copyr September 16, 2024.
300 ## - PHYSICAL DESCRIPTION
Extent 346 pages ;
Dimensions 22 cm
440 ## - SERIES STATEMENT/ADDED ENTRY--TITLE
Title Noble Charades :
Volume number/sequential designation Book 3.
9 (RLIN) 6540966
520 ## - SUMMARY, ETC.
Summary, etc Love might be the most dangerous game of all.<br/><br/>After enduring a loveless marriage, Anne, the widowed Lady Daventry, hopes to find happiness with her first love, Miles, upon his return from India. Knowing his plans to settle in London, she accepts an invitation to a house party in Town, hosted by the eccentric Lady Tottenham. When the first night of the party consists of a scandalous secret parlor game, she finds an unwelcome guest amongst the group: Miles's scoundrel of a younger brother, Alexander.<br/><br/>Alexander Holland came to London with one objective: take back the money his brother stole from him. Becoming embroiled in a lavish party full of riddles and matchmaking schemes hadn't been part of the plan. Appalled by Anne's loyalty to Miles, Alexander suggests a wager over a game of chess. To be sure she truly loves Miles, she must court a man of Alexander’s choosing prior to Miles’s return.<br/><br/>Certain her feelings will never change, Anne accepts the terms of the arrangement. It would be nothing more than a game—a fake courtship with a strict set of rules. She could easily resist any pompous, preening man Alexander chooses just to prove him wrong.<br/><br/>But Alexander has no intention of being proven wrong, and there’s only one man he would trust to steal Anne's heart in so short a time. Himself.
650 ## - SUBJECT ADDED ENTRY--TOPICAL TERM
Form subdivision Nobility Fiction
9 (RLIN) 6540967
655 ## - INDEX TERM--GENRE/FORM
Genre/form data or focus term Regency Romance
9 (RLIN) 6396303
655 ## - INDEX TERM--GENRE/FORM
Genre/form data or focus term Clean Romance
9 (RLIN) 6540961
655 ## - INDEX TERM--GENRE/FORM
Genre/form data or focus term Historical Romance
9 (RLIN) 5696222
942 ## - ADDED ENTRY ELEMENTS (KOHA)
Source of classification or shelving scheme Dewey Decimal Classification
Koha item type BOOK
Holdings
Withdrawn status Lost status Source of classification or shelving scheme Damaged status Not for loan Collection code Home library Current library Shelving location Date acquired Source of acquisition Total Checkouts Total Renewals Full call number Barcode Checked out Date last seen Date checked out Cost, replacement price Price effective from Koha item type
    Dewey Decimal Classification     Fiction Wasatch County Library Wasatch County Library First Floor 11/01/2024 Amazon 8 7 F Newbold 34301002135947 03/02/2026 01/03/2026 01/03/2026 14.99 11/01/2024 BOOK
This project was made possible through a grant from the Institute of Museum and Library Service administered by the Utah State Library Division.

Wasatch County Library

  • 465 East 1200 South, Heber City, Utah 84032
  • Phone 435-654-1511 | Fax 435-654-6456

Hours

  • Monday - Friday 9:30 AM - 8:00 PM
  • Saturday 9:30 AM - 1:30 PM
  • Closed Sundays and Holidays